[Event "Figueira da Foz op 5th"]
[Site "Figueira da Foz"]
[Date "2008.12.05"]
[Round "7"]
[White "Kovalyov, Anton"]
[Black "Romanishin, Oleg M"]
[Result "1-0"]
[WhiteElo "2571"]
[BlackElo "2532"]
[PlyCount "103"]
[GameId "1166651321282560"]
[EventDate "2008.11.30"]
[EventType "swiss"]
[EventRounds "9"]
[EventCountry "POR"]
[SourceTitle "CBM 127 Extra"]
[Source "ChessBase"]
[SourceDate "2009.01.08"]
[SourceVersion "2"]
[SourceVersionDate "2009.01.28"]
[SourceQuality "1"]

1. Nf3 Nf6 2. c4 e6 3. Nc3 Bb4 4. Qc2 c5 5. a3 Ba5 6. g3 Nc6 7. Bg2 O-O 8. O-O d6 9. e3 e5 10. d3 Bxc3 11. Qxc3 a5 12. b3 h6 13. h3 Rb8 14. Nd2 Bd7 15. a4 Be6 16. Ba3 Re8 17. Rae1 Nb4 18. e4 Na2 19. Qc2 Nb4 20. Qb1 Nc6 21. Kh2 Nh7 22. Bb2 Qd7 23. f4 exf4 24. gxf4 f5 25. Qd1 Rf8 26. Rf3 Nf6 27. Rg3 Nd4 28. Bf3 Rf7 29. Reg1 Nh7 30. Bh5 Re7 31. Bg6 Rf8 32. Nf3 Nxf3+ 33. Qxf3 Bf7 34. Qd1 fxe4 35. dxe4 Be8 36. Bxe8 Rfxe8 37. Qd5+ Kh8 38. Rg4 Qc6 39. Qd3 Kg8 40. e5 dxe5 41. Bxe5 Rd7 42. Qe2 Nf6 43. Rg6 Kh7 44. Qc2 Kg8 45. R1g2 Ree7 46. Qf5 Rf7 47. h4 Ne8 48. Qg4 Qe4 49. Qe6 Rde7 50. Rxg7+ Nxg7 51. Rxg7+ Kf8 52. Rxf7+ 1-0

[Event "Gibraltar Telecom final"]
[Site "ICC INT"]
[Date "2008.12.14"]
[Round "1.2"]
[White "Kovalyov, Anton"]
[Black "Azarov, Sergei Nikolaevich"]
[Result "1-0"]
[WhiteElo "2571"]
[BlackElo "2613"]
[PlyCount "89"]
[GameId "1166651350532096"]
[EventDate "2008.12.14"]
[EventType "k.o. (blitz)"]
[EventRounds "3"]
[EventCountry "ENG"]
[SourceTitle "CBM 127 Extra"]
[Source "ChessBase"]
[SourceDate "2009.01.08"]
[SourceVersion "2"]
[SourceVersionDate "2009.01.28"]
[SourceQuality "1"]

1. Nf3 Nf6 2. c4 b6 3. Nc3 Bb7 4. g3 c5 5. Bg2 g6 6. O-O Bg7 7. d4 cxd4 8. Nxd4 Bxg2 9. Kxg2 O-O 10. e4 Qc8 11. Qd3 Nc6 12. Nxc6 Qxc6 13. Be3 Rac8 14. b3 b5 15. Nxb5 Qxe4+ 16. Qxe4 Nxe4 17. Rad1 a6 18. Nd4 Nc3 19. Rd2 d5 20. Rc1 Ne4 21. Rdc2 e5 22. cxd5 exd4 23. Rxc8 dxe3 24. Rxf8+ Kxf8 25. Rc8+ Ke7 26. fxe3 Nc3 27. Rc7+ Kd6 28. Rxf7 Be5 29. Rxh7 Nxd5 30. Kf3 Nc3 31. Rh6 a5 32. Rxg6+ Kc5 33. Rg5 Kd5 34. h4 Nxa2 35. h5 Ke6 36. h6 Bf6 37. h7 Nc3 38. Rg8 Nb1 39. Ke2 Nc3+ 40. Kd3 Nd5 41. h8=Q Nb4+ 42. Kc4 Bxh8 43. Rxh8 Nc6 44. Rh6+ Ke7 45. Rxc6 1-0

[Event "Gibraltar Telecom final"]
[Site "ICC INT"]
[Date "2008.12.14"]
[Round "1.4"]
[White "Kovalyov, Anton"]
[Black "Azarov, Sergei Nikolaevich"]
[Result "1-0"]
[WhiteElo "2571"]
[BlackElo "2613"]
[PlyCount "131"]
[GameId "1166651350560768"]
[EventDate "2008.12.14"]
[EventType "k.o. (blitz)"]
[EventRounds "3"]
[EventCountry "ENG"]
[SourceTitle "CBM 127 Extra"]
[Source "ChessBase"]
[SourceDate "2009.01.08"]
[SourceVersion "2"]
[SourceVersionDate "2009.01.28"]
[SourceQuality "1"]

1. c4 Nf6 2. Nc3 e6 3. Nf3 d5 4. d4 Be7 5. cxd5 exd5 6. Bg5 O-O 7. e3 Nbd7 8. Bd3 Re8 9. O-O Nf8 10. Qc2 c6 11. h3 g6 12. Rab1 Ne6 13. Bh4 a5 14. a3 Ng7 15. b4 axb4 16. axb4 Bf5 17. Bxf6 Bxf6 18. b5 Qd6 19. bxc6 bxc6 20. Rfc1 Bxd3 21. Qxd3 Nf5 22. Rb6 Ra3 23. Qc2 Qd7 24. Nd1 Ne7 25. Rcb1 Rea8 26. Rb7 Qd6 27. R7b3 Ra2 28. R3b2 R2a3 29. Nc3 Kg7 30. Ne2 Nf5 31. Qd2 Ra1 32. Nf4 c5 33. dxc5 Qxc5 34. Rb7 Rxb1+ 35. Rxb1 d4 36. e4 Ne7 37. Nd3 Qc3 38. e5 Bh4 39. Qxc3 dxc3 40. Nxh4 Nd5 41. Nf3 Ra2 42. Rc1 c2 43. Nfe1 Nc3 44. Rxc2 Ne2+ 45. Kf1 Rxc2 46. Nxc2 Nc3 47. Ke1 Ne4 48. Ke2 Nc3+ 49. Ke3 Nd5+ 50. Kd4 Ne7 51. Ne3 Nc6+ 52. Ke4 Ne7 53. Nd5 Nf5 54. g4 Nh4 55. f4 Ng2 56. f5 Nh4 57. N3f4 gxf5+ 58. gxf5 Kh6 59. Nf6 Kg5 60. Nxh7+ Kh6 61. Nf6 Kg5 62. Ng4 Nxf5 63. Nf6 Ng3+ 64. Kf3 Nf5 65. Nh7+ Kh6 66. Nf8 1-0

[Event "Gibraltar Telecom final"]
[Site "ICC INT"]
[Date "2008.12.14"]
[Round "1.6"]
[White "Kovalyov, Anton"]
[Black "Azarov, Sergei Nikolaevich"]
[Result "1-0"]
[WhiteElo "2571"]
[BlackElo "2613"]
[PlyCount "83"]
[GameId "1166651350581248"]
[EventDate "2008.12.14"]
[EventType "k.o. (blitz)"]
[EventRounds "3"]
[EventCountry "ENG"]
[SourceTitle "CBM 127 Extra"]
[Source "ChessBase"]
[SourceDate "2009.01.08"]
[SourceVersion "2"]
[SourceVersionDate "2009.01.28"]
[SourceQuality "1"]

1. c4 Nf6 2. Nc3 e6 3. Nf3 b6 4. g3 Bb7 5. Bg2 Be7 6. O-O O-O 7. Re1 d5 8. cxd5 Nxd5 9. d4 Nd7 10. e4 Nxc3 11. bxc3 c5 12. Bf4 cxd4 13. cxd4 Nf6 14. Ne5 Rc8 15. Re3 Nd7 16. h4 Nxe5 17. Bxe5 Bf6 18. Bxf6 Qxf6 19. d5 exd5 20. exd5 Rfd8 21. Rc1 g6 22. Rxc8 Bxc8 23. Qa4 a6 24. Re8+ Kg7 25. Rxd8 Qxd8 26. Qc6 Bf5 27. d6 Bd7 28. Qb7 a5 29. Bc6 Be6 30. Qe7 Qc8 31. d7 Bxd7 32. Qxd7 Qf8 33. Qd4+ Kg8 34. Bd5 Qe7 35. Qxb6 Kg7 36. Qxa5 Qd6 37. Qc3+ Kh6 38. Qe3+ Kg7 39. Qd4+ f6 40. a4 Qa3 41. Qa7+ Kh6 42. Qe3+ 1-0

[Event "Gibraltar Telecom final"]
[Site "ICC INT"]
[Date "2008.12.14"]
[Round "1.8"]
[White "Kovalyov, Anton"]
[Black "Azarov, Sergei Nikolaevich"]
[Result "1-0"]
[WhiteElo "2571"]
[BlackElo "2613"]
[PlyCount "89"]
[GameId "1166651350597632"]
[EventDate "2008.12.14"]
[EventType "k.o. (blitz)"]
[EventRounds "3"]
[EventCountry "ENG"]
[SourceTitle "CBM 127 Extra"]
[Source "ChessBase"]
[SourceDate "2009.01.08"]
[SourceVersion "2"]
[SourceVersionDate "2009.01.28"]
[SourceQuality "1"]

1. c4 Nf6 2. Nc3 b6 3. e4 Bb7 4. e5 Ng8 5. d4 d6 6. exd6 cxd6 7. Nf3 Nf6 8. d5 g6 9. Be2 Bg7 10. O-O O-O 11. h3 Nbd7 12. Be3 Rc8 13. Rc1 a6 14. Nd4 Nc5 15. b4 Nce4 16. Nxe4 Nxe4 17. Bf3 Nf6 18. Nc6 Qc7 19. Re1 Rfe8 20. a4 Nd7 21. a5 bxa5 22. Nxa5 Ba8 23. Nc6 Ne5 24. Nxe5 Bxe5 25. c5 dxc5 26. bxc5 Red8 27. Qb3 Rb8 28. Qa2 Rb2 29. Qxa6 Bxd5 30. Bxd5 Rxd5 31. Qa8+ Rd8 32. Qe4 Bf6 33. Bf4 Qa7 34. Be3 Qc7 35. Bf4 Qa5 36. c6 Bd4 37. Be3 Bxe3 38. Qxe3 e6 39. c7 Rc8 40. Red1 Rb7 41. Rc5 Qb6 42. Rd7 Qb1+ 43. Kh2 Qb6 44. Qf4 f5 45. Qe5 1-0

[Event "Gibraltar Telecom final"]
[Site "ICC INT"]
[Date "2008.12.14"]
[Round "2.2"]
[White "Kovalyov, Anton"]
[Black "Vovk, Yuri"]
[Result "1-0"]
[WhiteElo "2571"]
[BlackElo "2549"]
[PlyCount "161"]
[GameId "1166651350614016"]
[EventDate "2008.12.14"]
[EventType "k.o. (blitz)"]
[EventRounds "3"]
[EventCountry "ENG"]
[SourceTitle "CBM 127 Extra"]
[Source "ChessBase"]
[SourceDate "2009.01.08"]
[SourceVersion "2"]
[SourceVersionDate "2009.01.28"]
[SourceQuality "1"]

1. c4 e6 2. Nc3 d5 3. d4 c5 4. cxd5 exd5 5. Nf3 Nc6 6. g3 Nf6 7. Bg2 Be7 8. O-O O-O 9. Bg5 cxd4 10. Nxd4 h6 11. Be3 Re8 12. Rc1 Bg4 13. h3 Be6 14. Qa4 Qd7 15. Kh2 a6 16. Nxc6 bxc6 17. Rfd1 Reb8 18. Rd2 Bd6 19. Qd1 h5 20. Bg5 Nh7 21. Bf4 h4 22. Bxd6 Qxd6 23. e4 hxg3+ 24. fxg3 Ng5 25. exd5 cxd5 26. Nxd5 Bxh3 27. Bxh3 Qh6 28. Nf4 Rb4 29. Rd8+ Rxd8 30. Qxd8+ Kh7 31. Qd3+ g6 32. Rc2 Rd4 33. Qf1 Ne4 34. Qg2 Nxg3 35. Qxg3 Rxf4 36. Rf2 g5 37. Rxf4 gxf4 38. Qd3+ Kg7 39. Qd4+ Kg8 40. Qg1+ Kf8 41. Qf2 Qg5 42. b3 a5 43. Qf3 Qe5 44. Bg2 Kg7 45. Qg4+ Kf6 46. Qh4+ Ke6 47. Bh3+ Kd6 48. Qh6+ Kc7 49. Qh7 f3+ 50. Kg1 Qe1+ 51. Bf1 Qg3+ 52. Kh1 Qf4 53. Qh2 Qd6 54. Qxd6+ Kxd6 55. Kg1 Ke5 56. Kf2 Kf4 57. Bc4 f5 58. Bd5 Ke5 59. Bxf3 Kd4 60. Be2 Kc3 61. Bc4 a4 62. Be6 a3 63. Bxf5 Kb2 64. b4 Kxa2 65. b5 Kb3 66. Be6+ Kb4 67. b6 Kc5 68. b7 Kc6 69. b8=Q a2 70. Qc8+ Kd6 71. Bxa2 Ke5 72. Qc4 Kd6 73. Qd5+ Kc7 74. Qe6 Kb7 75. Ke3 Ka7 76. Kd4 Kb7 77. Kc5 Kc7 78. Qe7+ Kc8 79. Kc6 Kb8 80. Kb6 Kc8 81. Qc7# 1-0

[Event "Gibraltar Telecom final"]
[Site "ICC INT"]
[Date "2008.12.14"]
[Round "2.4"]
[White "Kovalyov, Anton"]
[Black "Vovk, Yuri"]
[Result "1-0"]
[WhiteElo "2571"]
[BlackElo "2549"]
[PlyCount "79"]
[GameId "1166651350630400"]
[EventDate "2008.12.14"]
[EventType "k.o. (blitz)"]
[EventRounds "3"]
[EventCountry "ENG"]
[SourceTitle "CBM 127 Extra"]
[Source "ChessBase"]
[SourceDate "2009.01.08"]
[SourceVersion "2"]
[SourceVersionDate "2009.01.28"]
[SourceQuality "1"]

1. c4 e6 2. Nc3 d5 3. d4 c5 4. cxd5 exd5 5. Nf3 Nc6 6. g3 Nf6 7. Bg2 Be7 8. O-O O-O 9. Bg5 cxd4 10. Nxd4 h6 11. Be3 Re8 12. Rc1 Bg4 13. h3 Be6 14. Qa4 Qd7 15. Kh2 a6 16. Nxc6 bxc6 17. Rfd1 Reb8 18. Qc2 Bf5 19. Qd2 Bd6 20. b3 Re8 21. Bd4 Ne4 22. Nxe4 Bxe4 23. e3 h5 24. Kg1 Re6 25. Qe2 h4 26. g4 Bxg2 27. Kxg2 Re4 28. Qf3 a5 29. Qf5 Qxf5 30. gxf5 Ra6 31. Rc2 Be5 32. f3 Bxd4 33. fxe4 Bxe3 34. exd5 cxd5 35. Rxd5 a4 36. b4 g6 37. b5 Rf6 38. Rc6 Rxf5 39. Rxf5 gxf5 40. b6 1-0

[Event "Gibraltar Telecom final"]
[Site "ICC INT"]
[Date "2008.12.14"]
[Round "2.7"]
[White "Vovk, Yuri"]
[Black "Kovalyov, Anton"]
[Result "1-0"]
[WhiteElo "2549"]
[BlackElo "2571"]
[PlyCount "103"]
[GameId "1166651350650880"]
[EventDate "2008.12.14"]
[EventType "k.o. (blitz)"]
[EventRounds "3"]
[EventCountry "ENG"]
[SourceTitle "CBM 127 Extra"]
[Source "ChessBase"]
[SourceDate "2009.01.08"]
[SourceVersion "2"]
[SourceVersionDate "2009.01.28"]
[SourceQuality "1"]

1. e4 c5 2. Nc3 Nc6 3. f4 g6 4. Nf3 Bg7 5. Bc4 e6 6. O-O Nge7 7. f5 O-O 8. d3 d5 9. Bb3 c4 10. dxc4 dxe4 11. f6 Bxf6 12. Nxe4 Bg7 13. Bg5 f6 14. Qxd8 Nxd8 15. Be3 f5 16. Nd6 Bxb2 17. Rad1 Bf6 18. Bh6 Bg7 19. Bg5 Nec6 20. c5 h6 21. Be3 Kh7 22. Nxc8 Rxc8 23. Rd7 Rf7 24. Rfd1 Rc7 25. Rxd8 Nxd8 26. Rxd8 Rfd7 27. Rxd7 Rxd7 28. Kf2 e5 29. g3 e4 30. Nh4 Bd4 31. Be6 Bxe3+ 32. Kxe3 Re7 33. Bd5 Kg7 34. g4 Kf6 35. gxf5 gxf5 36. Ng2 Rc7 37. Kd4 Rg7 38. Nf4 Re7 39. h4 e3 40. Bf3 Rd7+ 41. Kxe3 Ke5 42. Nd3+ Kf6 43. c4 Re7+ 44. Kd4 Rg7 45. Nf4 Rg1 46. Bxb7 Rg4 47. Ke3 Rg3+ 48. Bf3 Rg8 49. c6 Re8+ 50. Kd4 Ke7 51. Kc5 Rd8 52. c7 1-0

[Event "Dos Hermanas Internet qual-A 10th"]
[Site "ICC INT"]
[Date "2009.03.13"]
[Round "2"]
[White "Kovalyov, Anton"]
[Black "Von Herman, Ulf"]
[Result "0-1"]
[WhiteElo "2557"]
[BlackElo "2378"]
[PlyCount "116"]
[GameId "1166651578101760"]
[EventDate "2009.03.13"]
[EventType "swiss (blitz)"]
[EventRounds "12"]
[EventCountry "ESP"]
[SourceTitle "CBM 129 Extra"]
[Source "ChessBase"]
[SourceDate "2009.05.05"]
[SourceVersion "2"]
[SourceVersionDate "2009.05.20"]
[SourceQuality "1"]

1. c4 c5 2. Nf3 Nc6 3. g3 Nf6 4. Bg2 g6 5. O-O Bg7 6. d4 cxd4 7. Nxd4 O-O 8. Nc3 Ng4 9. e3 d6 10. b3 Nxd4 11. exd4 Nh6 12. Bxh6 Bxh6 13. f4 Bg7 14. Qd2 Rb8 15. Rac1 a6 16. a4 Qa5 17. Rfd1 Bg4 18. Nd5 Qd8 19. Re1 b5 20. axb5 axb5 21. Ne3 Be6 22. Bd5 Bxd5 23. Nxd5 e6 24. Ne3 bxc4 25. bxc4 Rc8 26. Red1 Qb6 27. Kh1 Rc7 28. Rb1 Qa7 29. d5 e5 30. f5 Rb8 31. Rxb8+ Qxb8 32. Qf2 Rb7 33. Rf1 Rb1 34. f6 Bf8 35. Rxb1 Qxb1+ 36. Kg2 Qe4+ 37. Qf3 Qd4 38. h4 h5 39. Qe2 Bh6 40. Nf1 e4 41. Nh2 e3 42. Nf1 Qxf6 43. Nxe3 Qe5 44. Kf2 Qe4 45. Qf3 Bxe3+ 46. Qxe3 Qxc4 47. Qf3 Qd4+ 48. Kg2 Qe5 49. Qb3 Kg7 50. Kf3 Qf5+ 51. Kg2 Qe4+ 52. Kf2 Kf6 53. Qb8 Qxd5 54. Qh8+ Ke6 55. Qe8+ Kf5 56. Qh8 Qe5 57. Qc8+ Kf6 58. Qc2 Qf5+ 0-1

[Event "Dos Hermanas Internet qual-A 10th"]
[Site "ICC INT"]
[Date "2009.03.13"]
[Round "4"]
[White "Kovalyov, Anton"]
[Black "Smith, Garrett L"]
[Result "1-0"]
[WhiteElo "2557"]
[BlackElo "2131"]
[PlyCount "100"]
[GameId "1166651579531264"]
[EventDate "2009.03.13"]
[EventType "swiss (blitz)"]
[EventRounds "12"]
[EventCountry "ESP"]
[SourceTitle "CBM 129 Extra"]
[Source "ChessBase"]
[SourceDate "2009.05.05"]
[SourceVersion "2"]
[SourceVersionDate "2009.05.20"]
[SourceQuality "1"]

1. b3 d5 2. Bb2 Nc6 3. g3 e5 4. Bg2 Be6 5. d3 Qd7 6. e3 f6 7. h3 O-O-O 8. Nd2 h5 9. a3 h4 10. g4 Bc5 11. Ngf3 Nge7 12. b4 Bb6 13. Nb3 d4 14. exd4 Bxb3 15. cxb3 Nxd4 16. O-O Nxf3+ 17. Qxf3 Qd5 18. Qxd5 Nxd5 19. Rac1 Nf4 20. Rc2 Rxd3 21. Kh2 Rxb3 22. Rfc1 Rd8 23. Bf1 c6 24. b5 c5 25. a4 e4 26. Ba1 Ra3 27. Re1 Bc7 28. Rxc5 Nd3+ 29. Rxc7+ Kxc7 30. Rb1 Nxf2 31. Bb2 Ra2 32. Bc4 Rxb2 33. Rxb2 Nd3 34. Re2 Nc5 35. Kg2 Kb6 36. Kf2 a5 37. bxa6 bxa6 38. Ke3 Kc6 39. Kf4 Rb8 40. Kf5 Rb4 41. Bf7 Rxa4 42. Be8+ Kd5 43. Bxa4 Nxa4 44. Rxe4 Nc3 45. Re3 Kd4 46. Re7 a5 47. Rxg7 a4 48. Ra7 Kc4 49. Kxf6 Kb4 50. g5 a3 1-0

[Event "Dos Hermanas Internet qual-A 10th"]
[Site "ICC INT"]
[Date "2009.03.13"]
[Round "6"]
[White "Kovalyov, Anton"]
[Black "Bassan, Remo"]
[Result "1-0"]
[WhiteElo "2557"]
[BlackElo "2179"]
[PlyCount "83"]
[GameId "1166651580919808"]
[EventDate "2009.03.13"]
[EventType "swiss (blitz)"]
[EventRounds "12"]
[EventCountry "ESP"]
[SourceTitle "CBM 129 Extra"]
[Source "ChessBase"]
[SourceDate "2009.05.05"]
[SourceVersion "2"]
[SourceVersionDate "2009.05.20"]
[SourceQuality "1"]

1. c4 Nf6 2. Nc3 d5 3. cxd5 Nxd5 4. Nf3 g6 5. Qa4+ c6 6. Nxd5 Qxd5 7. e4 Qd8 8. d4 Bg7 9. Be2 Nd7 10. Be3 Nb6 11. Qc2 O-O 12. O-O h6 13. Rfd1 Be6 14. a4 f5 15. a5 Nd7 16. d5 Bf7 17. a6 fxe4 18. axb7 cxd5 19. bxa8=Q Qxa8 20. Nd4 Rc8 21. Qa4 Nc5 22. Qxa7 Qxa7 23. Rxa7 e5 24. Nb5 d4 25. Rxf7 Rb8 26. Bc4 Kh8 27. Rxg7 Kxg7 28. Nxd4 Rxb2 29. Ne6+ Nxe6 30. Bxe6 Kf6 31. Bg4 h5 32. Bh3 g5 33. g3 g4 34. Bg2 Kf5 35. Rc1 Rb4 36. h4 Ra4 37. Kh2 Ra6 38. Rc7 Rf6 39. Rh7 Kg6 40. Rh6+ Kg7 41. Rxh5 Ra6 42. Rxe5 1-0

[Event "Dos Hermanas Internet qual-A 10th"]
[Site "ICC INT"]
[Date "2009.03.13"]
[Round "7"]
[White "Bortnyk, Olexandr"]
[Black "Kovalyov, Anton"]
[Result "0-1"]
[WhiteElo "2170"]
[BlackElo "2557"]
[PlyCount "190"]
[GameId "1166651581362176"]
[EventDate "2009.03.13"]
[EventType "swiss (blitz)"]
[EventRounds "12"]
[EventCountry "ESP"]
[SourceTitle "CBM 129 Extra"]
[Source "ChessBase"]
[SourceDate "2009.05.05"]
[SourceVersion "2"]
[SourceVersionDate "2009.05.20"]
[SourceQuality "1"]

1. e4 c5 2. c3 Nf6 3. e5 Nd5 4. d4 cxd4 5. Nf3 Nc6 6. cxd4 g6 7. Bc4 Nb6 8. Bb3 Bg7 9. O-O O-O 10. Nc3 d6 11. exd6 exd6 12. h3 Na5 13. Re1 Nxb3 14. Qxb3 Be6 15. Qd1 Nd5 16. Bd2 h6 17. a3 Rc8 18. Rc1 Qd7 19. Nh2 h5 20. Qf3 Nxc3 21. Bxc3 Qc6 22. Qg3 Bd5 23. Bd2 Qd7 24. Rxc8 Rxc8 25. Bc3 b5 26. Nf3 Qc6 27. Ng5 Bf6 28. h4 Kg7 29. Qf4 Qd7 30. Ne4 Be7 31. Nc5 Qd8 32. g3 Bf6 33. Ne4 Bxe4 34. Rxe4 d5 35. Re3 Qd7 36. Rf3 Qe6 37. Bd2 Re8 38. Kg2 Be7 39. b4 Bd6 40. Qh6+ Kg8 41. Bf4 Bf8 42. Qg5 Be7 43. Qh6 Bf8 44. Qg5 Bg7 45. Be3 Kh7 46. Qf4 f6 47. Qc7 Re7 48. Qb8 a6 49. Qf4 Qe4 50. Qd6 Re6 51. Qc7 Re7 52. Qd6 Qe6 53. Qxe6 Rxe6 54. Bf4 f5 55. Rd3 Re4 56. Be3 Re6 57. Rc3 Rd6 58. Rc7 Kg8 59. Bf4 Re6 60. Be3 Bf6 61. Rc8+ Kf7 62. Rc5 Re7 63. Rxd5 Ke6 64. Rc5 Rd7 65. Rc6+ Ke7 66. Rxa6 Bxd4 67. Ra5 Bxe3 68. fxe3 Rd2+ 69. Kf3 Ra2 70. Rxb5 Rxa3 71. Rb7+ Kf6 72. Kf4 Ra1 73. Rb6+ Kf7 74. Kg5 Rg1 75. Rb7+ Ke6 76. Kxg6 Rxg3+ 77. Kxh5 Rxe3 78. Rb6+ Ke5 79. Rb5+ Kf4 80. Rb8 Re7 81. Rg8 Rh7+ 82. Kg6 Rd7 83. Rf8 Rd6+ 84. Rf6 Rd4 85. Rxf5+ Kg4 86. Rf6 Rd3 87. Kf7 Kh3 88. Rg6 Re3 89. Kg8 Rf3 90. Rg3+ Rxg3+ 91. Kh7 Kxh4 92. b5 Rb3 93. b6 Rb5 94. b7 Rxb7+ 95. Kg8 Rb6 0-1

[Event "Dos Hermanas Internet qual-A 10th"]
[Site "ICC INT"]
[Date "2009.03.13"]
[Round "8"]
[White "Kovalyov, Anton"]
[Black "Bachmann, Axel"]
[Result "1-0"]
[WhiteElo "2557"]
[BlackElo "2562"]
[PlyCount "79"]
[GameId "1166651582296064"]
[EventDate "2009.03.13"]
[EventType "swiss (blitz)"]
[EventRounds "12"]
[EventCountry "ESP"]
[SourceTitle "CBM 129 Extra"]
[Source "ChessBase"]
[SourceDate "2009.05.05"]
[SourceVersion "2"]
[SourceVersionDate "2009.05.20"]
[SourceQuality "1"]

1. c4 e5 2. Nc3 c5 3. g3 Nc6 4. Bg2 d6 5. d3 g6 6. Nf3 Bg7 7. Nd2 Nge7 8. Nf1 O-O 9. Ne3 f5 10. Ned5 Be6 11. h4 h6 12. e3 Qd7 13. a3 Rac8 14. Rb1 b6 15. b4 e4 16. dxe4 Ne5 17. Nxe7+ Qxe7 18. Nd5 Qf7 19. O-O fxe4 20. Bxe4 Nxc4 21. Nf4 d5 22. Bxd5 Bxd5 23. Qxd5 Qxd5 24. Nxd5 Rcd8 25. e4 Nd6 26. Nf4 Nxe4 27. Ne6 Nc3 28. Rb3 c4 29. Rb2 Rfe8 30. Nxd8 Rxd8 31. Rc2 b5 32. Be3 a6 33. Bb6 Rd3 34. Re1 Nd5 35. Re6 Rxa3 36. Rxg6 Kf7 37. Rd6 Nxb4 38. Re2 c3 39. Rd7+ Kg6 40. h5+ 1-0

[Event "Dos Hermanas Internet qual-A 10th"]
[Site "ICC INT"]
[Date "2009.03.13"]
[Round "9"]
[White "Kovalyov, Anton"]
[Black "Iturrizaga Bonelli, Eduardo"]
[Result "1-0"]
[WhiteElo "2557"]
[BlackElo "2528"]
[PlyCount "115"]
[GameId "1166651582963712"]
[EventDate "2009.03.13"]
[EventType "swiss (blitz)"]
[EventRounds "12"]
[EventCountry "ESP"]
[SourceTitle "CBM 129 Extra"]
[Source "ChessBase"]
[SourceDate "2009.05.05"]
[SourceVersion "2"]
[SourceVersionDate "2009.05.20"]
[SourceQuality "1"]

1. c4 Nf6 2. Nf3 c5 3. Nc3 Nc6 4. d4 cxd4 5. Nxd4 e6 6. a3 Qb6 7. Ndb5 a6 8. Be3 Qd8 9. Nd6+ Bxd6 10. Qxd6 Ne7 11. Bb6 Nf5 12. Qb4 a5 13. Qc5 d6 14. Qb5+ Qd7 15. e4 Ne7 16. O-O-O Nc6 17. f4 e5 18. c5 Nd4 19. Qxd7+ Nxd7 20. Bc7 Nxc5 21. Bxd6 Ncb3+ 22. Kb1 exf4 23. Be5 Bg4 24. Rxd4 Nxd4 25. Bxd4 O-O 26. Bc4 Be6 27. Bd5 Rac8 28. Rf1 g5 29. a4 h6 30. Bb6 Rfe8 31. Bxa5 Bxd5 32. exd5 Rc4 33. Rd1 Ra8 34. d6 Rxa5 35. d7 Ra8 36. d8=Q+ Rxd8 37. Rxd8+ Kg7 38. Rd7 Rb4 39. Kc2 g4 40. b3 f3 41. gxf3 gxf3 42. Rd2 Rf4 43. Rf2 Kg6 44. Kd3 Kg5 45. Ke3 Kg4 46. Nd5 Rf5 47. Ke4 Rh5 48. Rxf3 Rxh2 49. Ne3+ Kg5 50. Rf5+ Kg6 51. Rb5 Rb2 52. Rb6+ f6 53. Rxb7 h5 54. Nd5 Kg5 55. Rg7+ Kh4 56. Rb7 Re2+ 57. Kd3 Rc2 58. Kxc2 1-0

[Event "Dos Hermanas Internet qual-A 10th"]
[Site "ICC INT"]
[Date "2009.03.13"]
[Round "10"]
[White "Kovalyov, Anton"]
[Black "Melkumyan, Hrant"]
[Result "1-0"]
[WhiteElo "2557"]
[BlackElo "2519"]
[PlyCount "119"]
[GameId "1166651583606784"]
[EventDate "2009.03.13"]
[EventType "swiss (blitz)"]
[EventRounds "12"]
[EventCountry "ESP"]
[SourceTitle "CBM 129 Extra"]
[Source "ChessBase"]
[SourceDate "2009.05.05"]
[SourceVersion "2"]
[SourceVersionDate "2009.05.20"]
[SourceQuality "1"]

1. Nf3 Nf6 2. c4 g6 3. Nc3 d5 4. Qa4+ Bd7 5. Qb3 dxc4 6. Qxc4 Bg7 7. g3 O-O 8. Bg2 Bc6 9. O-O Nbd7 10. d4 a6 11. Rd1 Nb6 12. Qb3 Nfd5 13. Ne4 Ba4 14. Qd3 Nb4 15. Qd2 Bxd1 16. Qxd1 e5 17. Bg5 f6 18. Qb3+ N4d5 19. Bd2 f5 20. Nc5 e4 21. Ne6 Qd6 22. Nfg5 Rfe8 23. Bf4 Qd7 24. Nxc7 Rad8 25. a4 h6 26. Nxe8 Rxe8 27. Nh3 g5 28. a5 Nc8 29. Bd2 Nce7 30. e3 Rc8 31. Rc1 Rxc1+ 32. Bxc1 Kh7 33. Bf1 Qc6 34. Bd2 Qc7 35. Bc4 Qc6 36. Bb4 Nxb4 37. Qxb4 Bf6 38. Kg2 Kg7 39. Ng1 Nd5 40. Bxd5 Qxd5 41. Ne2 Qd7 42. Qc5 Be7 43. Qe5+ Bf6 44. Qc5 Be7 45. Qc4 Bd8 46. b4 Be7 47. d5 Qd6 48. Nd4 Kg6 49. Ne6 Qxb4 50. Qc8 Kf7 51. Qh8 Bf8 52. Qh7+ Ke8 53. Nc7+ Kd8 54. Ne6+ Ke8 55. Qxf5 Qd6 56. Nxf8 Qxf8 57. Qc8+ Ke7 58. Qxb7+ Kf6 59. Qc6+ Ke5 60. Qe6# 1-0

[Event "Dos Hermanas Internet qual-A 10th"]
[Site "ICC INT"]
[Date "2009.03.13"]
[Round "11"]
[White "Nyback, Tomi"]
[Black "Kovalyov, Anton"]
[Result "0-1"]
[WhiteElo "2644"]
[BlackElo "2557"]
[PlyCount "96"]
[GameId "1166651584344064"]
[EventDate "2009.03.13"]
[EventType "swiss (blitz)"]
[EventRounds "12"]
[EventCountry "ESP"]
[SourceTitle "CBM 129 Extra"]
[Source "ChessBase"]
[SourceDate "2009.05.05"]
[SourceVersion "2"]
[SourceVersionDate "2009.05.20"]
[SourceQuality "1"]

1. d4 Nf6 2. c4 e6 3. Nf3 b6 4. g3 c6 5. Bg2 d5 6. Qc2 Be7 7. O-O O-O 8. Bf4 Nbd7 9. Rd1 Nh5 10. Bc1 Nhf6 11. Nc3 Ba6 12. b3 Rc8 13. e4 dxc4 14. Bf4 Bb4 15. Nd2 Qe7 16. Nxc4 Bxc4 17. bxc4 e5 18. dxe5 Nxe5 19. Ne2 Bc5 20. Nd4 g6 21. Rd2 Rfd8 22. Rad1 b5 23. Nf5 gxf5 24. Rxd8+ Rxd8 25. Rxd8+ Qxd8 26. Bxe5 Ng4 27. cxb5 Bxf2+ 28. Kh1 Nxe5 29. Qxf2 Qd1+ 30. Qf1 Qxf1+ 31. Bxf1 fxe4 32. bxc6 Nxc6 33. Bh3 Nd4 34. Kg2 Kg7 35. Kf2 Kf6 36. Ke3 Ke5 37. Bc8 Nf5+ 38. Bxf5 Kxf5 39. a4 Kg4 40. Kxe4 Kh3 41. Kf5 Kxh2 42. g4 Kg3 43. g5 Kh4 44. Kf6 Kh5 45. a5 a6 46. Kxf7 Kxg5 47. Ke6 h5 48. Kd5 h4 0-1

[Event "Dos Hermanas Internet qual-A 10th"]
[Site "ICC INT"]
[Date "2009.03.13"]
[Round "12"]
[White "Banikas, Hristos"]
[Black "Kovalyov, Anton"]
[Result "1-0"]
[WhiteElo "2582"]
[BlackElo "2557"]
[PlyCount "47"]
[GameId "1166651584569344"]
[EventDate "2009.03.13"]
[EventType "swiss (blitz)"]
[EventRounds "12"]
[EventCountry "ESP"]
[SourceTitle "CBM 129 Extra"]
[Source "ChessBase"]
[SourceDate "2009.05.05"]
[SourceVersion "2"]
[SourceVersionDate "2009.05.20"]
[SourceQuality "1"]

1. d4 Nf6 2. c4 e6 3. Nf3 b6 4. g3 c6 5. Bg2 d5 6. Nbd2 Be7 7. O-O O-O 8. Re1 Bb7 9. b3 Na6 10. Bb2 c5 11. Rc1 Rc8 12. cxd5 Bxd5 13. Nc4 cxd4 14. Qxd4 Nb4 15. a3 Nc6 16. Qf4 b5 17. Ncd2 Bd6 18. Qh4 Ne4 19. Nxe4 Be7 20. Qg4 g6 21. Ned2 h5 22. Qf4 Re8 23. Qh6 Bf8 24. Qh8# 1-0